000 00691nam a2200229Ia 4500
003 OSt
005 20221005133811.0
006 a|||||r|||| 00| 0
007 ta
008 221004b |||||||| |||| 00| 0 pan d
024 _a27745
037 _cTextual
040 _aCRL
_cCRL
_bpan
041 _2pan
_apan
082 _aY1:351.236, 153L0
100 _aਸਤਿਆਰਥੀ, ਦੇਵਿੰਦਰ
245 0 _aਪੰਜਾਬੀ ਲੋਕ-ਸਾਹਿਤ ਵਿਚ ਸੈਨਿਕ
260 _c1970
650 _aਸਮਾਜ Fਾਸਤਰ
942 _hY1:351.236, 153L0
_cTEXL
_2cc
999 _c1067920
_d1067920